000 01215nam a22002777a 4500
999 _c63584
_d63584
005 20240530110649.0
008 171114s2016 ua a g 000 0 ara d
017 _a2005/19533
_bمصر. دار الكتب
020 _a9773372200
040 _aEG-CaGPL
_cEG-CaGPL
082 0 4 _221
_a375.001 /
_bخ ت
110 0 _aخبراء مركز الخبرات المهنية للادارة بميك
245 1 0 _aتصميم واعداد المناهج الدراسية /
_cاعداد المادة العلمية خبراء مركز الخبرات المهنية للادارة بميك ؛ عبدالرحمن توفيق
260 _aالقاهرة :
_bمركز الخبرات المهنية للادارة (ببميك) ،
_c2015.
300 _a120 ص. :
_bايض ؛
_c32 سم.
490 0 _aالمناهج التدريبية ؛
_v34
650 0 7 _2qrmak
_aالتدريب
650 0 7 _2qrmak
_aالدورات التدريبية
650 0 7 _2qrmak
_aالتوجية الادارى
650 0 7 _2qrmak
_aالادارة
650 0 7 _2qrmak
_aالمناهج
_xتخطيط
651 _2qrmak
700 0 _aعبدالرحمن توفيق
_eمستشار
942 _2ddc
_cBK